000 00644nam a2200193Ia 4500
003 LDD
008 190117s9999 xx 000 0 und d
020 _c₹150
040 _cLDD
041 _ahi
082 _a8H7.7 रा62ए
100 _aराय, विभूति नारायण
245 0 _aएक छात्रनेता का रोजनामचा
_cविभूति नारायण राय
260 _aदिल्ली
_bशिल्पायन
_c2010
300 _a96
901 _aAAKAR
904 _aReqst by : J.M. Parakh
942 _2ddc
_cH
999 _c168651
_d168651